000 00576nam a22002057a 4500
999 _c7455
_d7455
003 OSt
005 20211112111527.0
008 211112b ||||| |||| 00| 0 eng d
020 _a0415418402
040 _cDDC
082 _a307.76 AND 2007
100 _aAnderson, Nels
_915275
245 _aThe urban community;
_b a world perspective
260 _aLondon,
_bRoutledge and K. Paul
_c2007
300 _axv,500 pages;
_c 22 cm
504 _aBibliographical footnotes
650 _a Cities and towns
_915276
650 _aUrban Communitities.
_915277
942 _2ddc
_cBOOK